Project proposal for a West East South cooperative programme : Strengthening the institutional capacity for sustainable aquaculture development in the southern part of Vietnam

Uloženo v:
Podrobná bibliografie
Médium: Kniha
Jazyk:Undetermined
Vydáno: Hungary Fish Culture Research Institute 1994
Témata:
Tagy: Přidat tag
Žádné tagy, Buďte první, kdo otaguje tento záznam!
Thư viện lưu trữ: Trung tâm Học liệu Trường Đại học Cần Thơ
LEADER 00661nam a2200181Ia 4500
001 CTU_149733
008 210402s9999 xx 000 0 und d
082 |a 333.91 
082 |b P962 
245 0 |a Project proposal for a West East South cooperative programme : 
245 0 |b Strengthening the institutional capacity for sustainable aquaculture development in the southern part of Vietnam 
245 0 |c Fish Culture Research Institute 
260 |a Hungary 
260 |b Fish Culture Research Institute 
260 |c 1994 
650 |a Aquaculture,Nuôi trồng thủy sản 
904 |i Nguyên 
980 |a Trung tâm Học liệu Trường Đại học Cần Thơ